| 000 | 01459nam a2200361 a 4500 | ||
|---|---|---|---|
| 001 | ebr10676074 | ||
| 003 | CaPaEBR | ||
| 006 | m u | ||
| 007 | cr cn||||||||| | ||
| 008 | 010501r20011997moua sb 001 0beng d | ||
| 010 | _z 2001033595 | ||
| 020 | _z0826213790 (alk. paper) | ||
| 020 | _z9780826213792 (alk. paper) | ||
| 020 | _z9780826273000 (e-book) | ||
| 040 |
_aCaPaEBR _cCaPaEBR |
||
| 035 | _a(OCoLC)834136824 | ||
| 043 | _an-us--- | ||
| 050 | 1 | 4 |
_aNC1766.U52 _bD5927 2001eb |
| 082 | 0 | 4 |
_a791.43/092 _aB _221 |
| 100 | 1 |
_aWatts, Steven, _d1952- |
|
| 245 | 1 | 4 |
_aThe Magic Kingdom _h[electronic resource] : _bWalt Disney and the American way of life / _cSteven Watts. |
| 246 | 3 | 0 | _aWalt Disney and the American way of life |
| 260 |
_aColumbia, Mo. : _bUniversity of Missouri Press, _c2001. |
||
| 300 |
_axxi, 526 p. : _bill. |
||
| 500 | _aOriginally published: Boston : Houghton Mifflin, 1997. | ||
| 504 | _aIncludes bibliographical references (p. 456-512) and index. | ||
| 533 |
_aElectronic reproduction. _bPalo Alto, Calif. : _cebrary, _d2013. _nAvailable via World Wide Web. _nAccess may be limited to ebrary affiliated libraries. |
||
| 600 | 1 | 0 |
_aDisney, Walt, _d1901-1966. |
| 650 | 0 |
_aAnimators _zUnited States _vBiography. |
|
| 655 | 7 |
_aElectronic books. _2local |
|
| 710 | 2 | _aebrary, Inc. | |
| 856 | 4 | 0 |
_uhttp://site.ebrary.com/lib/rucke/Doc?id=10676074 _zAn electronic book accessible through the World Wide Web; click to view |
| 999 |
_c57944 _d57944 |
||